000 00341nam a2200121 i 4500
001 bg
245 0 _aProgram studiów magisterskich dla kierunku Budownictwo :
_bplan studiów i ramowe programy kształcenia.
260 _aZielona Góra,
_c1975.
040 _cBPK
041 _apol
942 _cKS
008 s pl f |000 0 pol
999 _c16418
_d16418
856 _uhttp://koha.tu.koszalin.pl/cgi-bin/koha/opac-detail.pl?biblionumber=16418
_yKatalog online BPK